[Event "2nd Goa GM Open 2019"]
[Site "Goa"]
[Date "2019.06.25"]
[Round "10.4"]
[White "Tukhaev, Adam"]
[Black "Pantsulaia, Levan"]
[Result "1/2-1/2"]
[WhiteElo "2527"]
[BlackElo "2614"]
[Annotator "TA"]
[PlyCount "98"]
[EventDate "2019.06.17"]
[EventType "swiss"]
[EventCountry "IND"]
[SourceTitle "playchess.com"]
[Source "ChessBase"]
[SourceQuality "1"]

{[%evp 19,98,39,35,32,24,13,36,29,62,68,64,51,56,72,61,53,60,67,128,122,112,95,95,95,95,101,98,81,85,72,78,81,62,55,75,87,77,95,133,37,37,0,36,22,49,52,58,41,41,59,185,174,404,373,490,489,472,461,471,125,341,295,345,252,214,188,331,331,315,310,304,117,129,0,295,0,122,0,269,0,94]} 1. Nf3 Nf6 2. g3 g6 3. c4 Bg7 4. Bg2 O-O 5. O-O c5 6. d4 cxd4 7. Nxd4 Nc6 8. Nc3 d6 9. Nc2 Bd7 10. b3 Qc8 11. Re1 {A38: Symmetrical English vs ...g6: 4 Bg2 Bg7 5 Nf3 Nf6} Bh3 12. Bh1 Ng4 13. Qd2 {[#] White is slightly better.} d5 $146 ({Predecessor:} 13... Rd8 14. Rb1 h5 15. Nd5 Nf6 16. Nf4 Bf5 17. e4 Bg4 18. f3 Bd7 {0-1 (48) Ganguly,S (2644)-Lu,S (2624) Liaocheng 2017}) 14. cxd5 Nb4 $1 (14... Qf5 $2 15. f3 $18) (14... Bxc3 $2 15. Qxc3 Nce5 16. Qxc8 $18) 15. Bb2 $1 Nxc2 16. Qxc2 Qc5 {[%csl Gg4][%cal Rc5f2]} 17. e3 Rac8 {[%cal Rg7c3]} 18. Rac1 Rc7 (18... Qa5 $14) 19. Qb1 $1 $16 {Hoping for Ne2.} Qa5 {[%cal Rg7c3]} 20. Ne4 Bxb2 21. Rxc7 Qxc7 22. Qxb2 Rc8 23. Ng5 Ne5 {And now ...Nd3 would win.} 24. Qd4 Bf5 25. e4 (25. Qxa7 Qc3 $11) 25... Bg4 26. h3 (26. Qxa7 h6 $17) 26... f6 27. hxg4 ({Don't play} 27. Qxa7 Qc3 $11) 27... fxg5 28. Qxa7 Nxg4 29. Qd4 (29. e5 $16) 29... Ne5 $14 30. Bg2 g4 (30... Qc3 $5 {[%cal Rc3e1]} 31. Qd1 g4 $14) 31. Rd1 $36 {[%mdl 2048] White is more active.} Qc2 32. d6 exd6 33. Qxd6 {Black must now prevent Qe6+.} Nf7 34. Qd2 Qc7 ({Better is} 34... Qxd2 $14 35. Rxd2 Rc1+ 36. Kh2 Kf8) 35. e5 $18 Rd8 $2 (35... Nxe5 36. Qd5+ Kf8) 36. Bd5 {Threatens to win with Bxf7+.} Kg7 37. e6 Ne5 {intending ...Nf3+.} 38. Qd4 Kf6 39. Re1 $2 (39. Kg2 $18 {is more deadly.} h5 40. a4) 39... g5 $2 (39... Rxd5 $16 {might work better.} 40. Qxd5 Nf3+ 41. Kf1 Nxe1 42. Qd4+ (42. Kxe1 Qc1+ 43. Ke2 Qc2+ 44. Kf1 Qxa2 $16) 42... Ke7 43. Kxe1 Qc1+ 44. Ke2 Kxe6) 40. Kg2 h5 41. Re3 {f4 is the strong threat.} Qd6 42. e7 Qxe7 (42... Re8 $142 43. f4 {[%mdl 64] Pin} gxf3+ 44. Rxf3+ Kxe7) 43. f4 $1 {[%cal Rf4g5][%mdl 64] White wants to mate with fxg5+. Pin} gxf3+ 44. Rxf3+ Kg6 45. Re3 $2 (45. Qe4+ $1 $18 {and the rest is easy.} Kg7 46. Rf7+ $1 {[%mdl 512]} Qxf7 47. Bxf7 Rd2+ 48. Kf1 Nxf7 49. Qxb7) 45... Kf6 $16 46. Rf3+ $2 (46. Re2 $1 $16) 46... Kg6 $1 $18 47. Re3 (47. Qe4+ $1 $18 {is the precise move to win.} Kg7 48. Rf7+ $1 {[%mdl 512]} Qxf7 49. Bxf7 Rd2+ 50. Kf1 Nxf7 51. Qxb7) 47... Kf6 $1 $16 48. Rf3+ (48. Re2 $1 $16) 48... Kg6 $1 $18 {[#]} 49. Re3 $2 (49. Qe4+ $1 $18 Kg7 {[#]} 50. Rf7+ $1 {[%mdl 512]} Qxf7 51. Bxf7 Rd2+ 52. Kf1 Nxf7 53. Qxb7) 49... Kf6 $1 {Accuracy: White = 48%, Black = 57%.} 1/2-1/2

[Event "2nd Goa GM Open 2019"]
[Site "Goa"]
[Date "2019.06.25"]
[Round "10.5"]
[White "Gupta, Abhijeet"]
[Black "Vasquez Schroeder, Rodrigo"]
[Result "0-1"]
[WhiteElo "2606"]
[BlackElo "2476"]
[Annotator "TA"]
[PlyCount "60"]
[EventDate "2019.06.17"]
[EventType "swiss"]
[EventCountry "IND"]
[SourceTitle "playchess.com"]
[Source "ChessBase"]
[SourceQuality "1"]

{[%evp 13,94,-10,-4,0,-4,-8,0,0,-2,-1,20,10,12,-13,-33,-5,-6,-10,-30,-37,-33,-26,-28,-26,-27,-12,-16,-17,-21,-31,-20,-31,-33,-37,-16,-18,-26,-71,-62,-72,-43,-268,-254,-267,-267,-263,-264,-267,-266,-257,-236,-258,-260,-312,-291,-289,-177,-179,-166,-285,-211,-358,-348,-415,-412,-411,-401,-645,-373,-667,-651,-598,-472,-522,-511,-510,-499,-470,-425,-5310,-5208,-5122,-3356]} 1. d4 Nf6 2. c4 e6 3. Nc3 Bb4 4. e3 O-O 5. Nge2 Re8 6. a3 Bf8 7. Ng3 d5 8. Be2 {E46: Nimzo-Indian: Rubinstein: 4 e3 0-0 5 Ne2 without early Bd3} b6 9. O-O $146 ({Predecessor:} 9. cxd5 exd5 10. O-O {½-½ (53) Shankland,S (2671)-Ding,L (2778) Liaocheng 2018}) 9... Bb7 10. cxd5 {The position is equal.} exd5 11. b4 Nbd7 12. Qb3 c6 13. Bf3 a5 14. b5 c5 15. Nxd5 a4 16. Qa2 Bxd5 17. Bxd5 Nxd5 18. Qxd5 cxd4 19. exd4 Nf6 20. Qc4 Qd5 21. Qd3 Rac8 22. Bb2 Rc5 $36 {[%mdl 2048] Black is more active.} 23. Ne2 $1 {[%cal Re2f4] Black must now prevent Nf4.} Qc4 24. Qxc4 Rxc4 25. Nf4 Rc2 26. Rab1 Ne4 {Hoping for ...Nd2.} 27. Rfc1 $2 {[#]} (27. Rfe1 $15) 27... Rxb2 $1 $19 {[%mdl 576] Remove Defender} 28. Rxb2 Bxa3 29. Rbc2 {Threatens to win with Rc8.} Bxc1 30. Rxc1 {[%mdl 4096] Endgame [#] KRN-KRN} Nd6 {Played: Ne4-c3} 0-1

[Event "2nd Goa GM Open 2019"]
[Site "Goa"]
[Date "2019.06.25"]
[Round "10.6"]
[White "Aleksandrov, Aleksej"]
[Black "Rahman, Ziaur"]
[Result "0-1"]
[WhiteElo "2588"]
[BlackElo "2481"]
[Annotator "ChessBase"]
[PlyCount "100"]
[EventDate "2019.06.17"]
[EventType "swiss"]
[EventCountry "IND"]
[SourceTitle "playchess.com"]
[Source "ChessBase"]
[SourceQuality "1"]
[TimeControl "5400+30"]

1. d4 {[%emt 0:00:12]} d5 {[%emt 0:00:00]} 2. c4 {[%emt 0:00:04]} e6 {[%emt 0:00:03]} 3. Nc3 {[%emt 0:00:03]} c6 {[%emt 0:00:15]} 4. e3 {[%emt 0:01:46]} Bd6 {[%emt 0:00:22]} 5. Qc2 {[%emt 0:04:11]} f5 {[%emt 0:01:50]} 6. Bd2 {[%emt 0:00:07]} Nf6 {[%emt 0:00:40]} 7. f3 {[%emt 0:11:39]} O-O {[%emt 0:00:52]} 8. O-O-O {[%emt 0:00:03]} Nbd7 {[%emt 0:05:10]} 9. cxd5 {[%emt 0:03:48]} Nxd5 {[%emt 0:03:11]} 10. e4 {[%emt 0:00:27]} Nxc3 {[%emt 0:05:56]} 11. Bxc3 {[%emt 0:01:27]} Kh8 {[%emt 0:01:37]} 12. Nh3 {[%emt 0:02:03]} Nb6 {[%emt 0:03:25]} 13. Kb1 {[%emt 0:08:33]} Bd7 {[%emt 0:01:23]} 14. e5 {[%emt 0:01:06]} Be7 {[%emt 0:00:48]} 15. Nf4 {[%emt 0:02:17]} Qe8 {[%emt 0:05:39]} 16. h4 {[%emt 0:01:35]} Nd5 {[%emt 0:05:53]} 17. Bd2 {[%emt 0:01:06]} Rc8 {[%emt 0:01:51]} 18. Bc4 {[%emt 0:04:31]} Nxf4 {[%emt 0:14:43]} 19. Bxf4 {[%emt 0:00:04]} b5 {[%emt 0:01:01]} 20. Bb3 {[%emt 0:00:07]} a5 {[%emt 0:01:00]} 21. a3 {[%emt 0:00:05]} a4 {[%emt 0:02:57]} 22. Ba2 {[%emt 0:00:05]} b4 {[%emt 0:02:30]} 23. axb4 {[%emt 0:00:35]} Bxb4 {[%emt 0:00:29]} 24. Bc4 {[%emt 0:12:29]} Ra8 {[%emt 0:02:14]} 25. Ka2 {[%emt 0:00:53]} Qf7 {[%emt 0:01:23]} 26. Rhf1 {[%emt 0:03:13]} Qh5 {[%emt 0:04:01]} 27. Bg5 {[%emt 0:02:37]} Rfb8 {[%emt 0:05:56]} 28. Rg1 {[%emt 0:03:19]} Qe8 {[%emt 0:01:29]} 29. g4 {[%emt 0:00:09]} Bf8 {[%emt 0:01:23]} 30. h5 {[%emt 0:00:06]} Rb3 {[%emt 0:05:01]} 31. h6 {[%emt 0:08:39]} Rab8 {[%emt 0:01:20]} 32. hxg7+ {[%emt 0:03:29]} Bxg7 {[%emt 0:00:04]} 33. Bc1 {[%emt 0:00:06]} Qf8 {[%emt 0:02:48]} 34. Rh1 {[%emt 0:02:39]} c5 {[%emt 0:03:59]} 35. dxc5 {[%emt 0:07:53]} Be8 {[%emt 0:01:54]} 36. Bxe6 {[%emt 0:01:15]} Bxe5 {[%emt 0:00:30]} 37. Qxf5 {[%emt 0:03:27]} Rxb2+ {[%emt 0:01:02]} 38. Bxb2 {[%emt 0:00:06]} Rxb2+ {[%emt 0:00:04]} 39. Ka1 {[%emt 0:00:09]} Re2+ {[%emt 0:01:21]} 40. Kb1 {[%emt 0:00:38]} Bg6 {[%emt 0:00:22]} 41. Rd7 {[%emt 0:01:23]} Bxf5+ {[%emt 0:03:47]} 42. Bxf5 {[%emt 0:00:10]} h6 {[%emt 0:05:38]} 43. Rh7+ {[%emt 0:00:45]} Kg8 {[%emt 0:00:04]} 44. Rb7 {[%emt 0:00:03]} a3 {[%emt 0:01:32]} 45. Be6+ {[%emt 0:00:56]} Kh8 {[%emt 0:00:01]} 46. c6 {[%emt 0:06:03]} Bf4 {[%emt 0:02:54]} 47. Bc4 {[%emt 0:01:55]} Re7 {[%emt 0:00:36]} 48. Ka2 {[%emt 0:00:42]} Rxb7 {[%emt 0:00:29]} 49. cxb7 {[%emt 0:00:04]} Qb4 {[%emt 0:00:14]} 50. b8=R+ {[%emt 0:00:48]} Bxb8 {[%emt 0:00:35]} 0-1

[Event "2nd Goa GM Open 2019"]
[Site "Goa"]
[Date "2019.06.25"]
[Round "10.7"]
[White "Mohammad Nubairshah Shaikh"]
[Black "Stupak, Kirill"]
[Result "1-0"]
[WhiteElo "2436"]
[BlackElo "2584"]
[Annotator "ChessBase"]
[PlyCount "61"]
[EventDate "2019.06.17"]
[EventType "swiss"]
[EventCountry "IND"]
[SourceTitle "playchess.com"]
[Source "ChessBase"]
[SourceQuality "1"]
[TimeControl "5400+30"]

1. Nf3 {[%emt 0:00:00]} c5 {[%emt 0:00:00]} 2. c4 {[%emt 0:00:00]} g6 {[%emt 0:00:11]} 3. g3 {[%emt 0:01:47]} Bg7 {[%emt 0:00:23]} 4. Bg2 {[%emt 0:00:02]} Nc6 {[%emt 0:00:30]} 5. O-O {[%emt 0:04:30]} e6 {[%emt 0:07:58]} 6. Nc3 {[%emt 0:00:24]} Nge7 {[%emt 0:00:26]} 7. d3 {[%emt 0:17:28]} O-O {[%emt 0:01:51]} 8. Bf4 {[%emt 0:11:56]} d5 {[%emt 0:07:32]} 9. cxd5 {[%emt 0:12:20]} exd5 {[%emt 0:01:15]} 10. Qd2 {[%emt 0:01:23]} b6 {[%emt 0:00:56]} 11. d4 {[%emt 0:11:21]} Nxd4 {[%emt 0:15:01]} 12. Nxd4 {[%emt 0:00:05]} Bxd4 {[%emt 0:00:10]} 13. Nb5 {[%emt 0:03:40]} Bg7 {[%emt 0:05:46]} 14. Nc7 {[%emt 0:03:09]} Rb8 {[%emt 0:01:34]} 15. Nxd5 {[%emt 0:01:27]} Rb7 {[%emt 0:00:39]} 16. Bg5 {[%emt 0:00:59]} Kh8 {[%emt 0:00:26]} 17. Rad1 {[%emt 0:09:09]} f6 {[%emt 0:00:40]} 18. Nxf6 {[%emt 0:04:08]} Qxd2 {[%emt 0:02:08]} 19. Rxd2 {[%emt 0:00:02]} h6 {[%emt 0:00:31]} 20. Bxb7 {[%emt 0:06:44]} Bxb7 {[%emt 0:00:01]} 21. Rd7 {[%emt 0:00:36]} hxg5 {[%emt 0:00:06]} 22. Rxe7 {[%emt 0:00:10]} Ba6 {[%emt 0:00:09]} 23. Nd7 {[%emt 0:06:47]} Rd8 {[%emt 0:00:02]} 24. b3 {[%emt 0:00:24]} Bb5 {[%emt 0:00:05]} 25. Rd1 {[%emt 0:01:37]} g4 {[%emt 0:00:41]} 26. a4 {[%emt 0:00:49]} Bc6 {[%emt 0:00:14]} 27. Rd3 {[%emt 0:00:03]} c4 {[%emt 0:00:06]} 28. bxc4 {[%emt 0:00:12]} Bxa4 {[%emt 0:00:13]} 29. Ne5 {[%emt 0:00:31]} Rc8 {[%emt 0:00:19]} 30. Rxa7 {[%emt 0:00:52]} Be8 {[%emt 0:00:20]} 31. Nf7+ {[%emt 0:00:21]} 1-0

[Event "2nd Goa GM Open 2019"]
[Site "Goa"]
[Date "2019.06.25"]
[Round "10.8"]
[White "Konguvel, Ponnuswamy"]
[Black "Debashis, Das"]
[Result "0-1"]
[WhiteElo "2293"]
[BlackElo "2544"]
[Annotator "ChessBase"]
[PlyCount "92"]
[EventDate "2019.06.17"]
[EventType "swiss"]
[EventCountry "IND"]
[SourceTitle "playchess.com"]
[Source "ChessBase"]
[SourceQuality "1"]
[TimeControl "5400+30"]

1. e4 {[%emt 0:00:00]} c5 {[%emt 0:00:00]} 2. Nf3 {[%emt 0:00:00]} d6 {[%emt 0:00:00]} 3. d4 {[%emt 0:00:05]} cxd4 {[%emt 0:00:00]} 4. Nxd4 {[%emt 0:00:10]} Nf6 {[%emt 0:00:04]} 5. Nc3 {[%emt 0:00:04]} a6 {[%emt 0:00:03]} 6. Bg5 {[%emt 0:01:05]} e6 {[%emt 0:00:05]} 7. f4 {[%emt 0:00:21]} Qb6 {[%emt 0:00:09]} 8. Qd3 {[%emt 0:01:14]} Nc6 {[%emt 0:00:13]} 9. Bxf6 {[%emt 0:01:41]} gxf6 {[%emt 0:00:05]} 10. Nb3 {[%emt 0:00:20]} Bd7 {[%emt 0:00:06]} 11. O-O-O {[%emt 0:01:46]} O-O-O {[%emt 0:00:16]} 12. Be2 {[%emt 0:06:55]} Rg8 {[%emt 0:04:18]} 13. g3 {[%emt 0:06:21]} Kb8 {[%emt 0:00:25]} 14. Bh5 {[%emt 0:00:57]} Rg7 {[%emt 0:00:27]} 15. Rhf1 {[%emt 0:04:24]} Rc8 {[%emt 0:02:07]} 16. Kb1 {[%emt 0:00:21]} Be7 {[%emt 0:02:22]} 17. Qe2 {[%emt 0:24:56]} Na5 {[%emt 0:05:27]} 18. Rf3 {[%emt 0:00:57]} Nc4 {[%emt 0:03:20]} 19. Rfd3 {[%emt 0:09:27]} Qc7 {[%emt 0:03:13]} 20. Nd2 {[%emt 0:08:03]} Na5 {[%emt 0:04:02]} 21. Nb3 {[%emt 0:00:22]} Nc4 {[%emt 0:02:30]} 22. Nd2 {[%emt 0:00:05]} Nb6 {[%emt 0:07:09]} 23. Nf1 {[%emt 0:02:05]} Qc5 {[%emt 0:04:12]} 24. Ne3 {[%emt 0:00:20]} Qa5 {[%emt 0:02:16]} 25. f5 {[%emt 0:03:20]} Rc7 {[%emt 0:07:29]} 26. Qd2 {[%emt 0:03:18]} Qc5 {[%emt 0:01:43]} 27. a3 {[%emt 0:06:10]} Rc8 {[%emt 0:01:04]} 28. Ne2 {[%emt 0:02:59]} Bc6 {[%emt 0:17:16]} 29. Bf3 {[%emt 0:05:20]} Na4 {[%emt 0:06:57]} 30. Nd4 {[%emt 0:04:35]} Bd7 {[%emt 0:00:47]} 31. Rb3 {[%emt 0:00:58]} Qc7 {[%emt 0:01:59]} 32. Ne2 {[%emt 0:01:47]} Bc6 {[%emt 0:03:34]} 33. Nf4 {[%emt 0:00:22]} Nc5 {[%emt 0:02:17]} 34. Rc3 {[%emt 0:00:09]} Rgg8 {[%emt 0:00:48]} 35. fxe6 {[%emt 0:02:57]} fxe6 {[%emt 0:00:18]} 36. b4 Na4 {[%emt 0:00:41]} 37. Rb3 {[%emt 0:02:17]} Qd7 {[%emt 0:03:28]} 38. Bg2 {[%emt 0:00:01]} Rg5 {[%emt 0:02:27]} 39. Bh3 {[%emt 0:00:12]} Re5 {[%emt 0:00:59]} 40. Nc4 {[%emt 0:01:49]} Rxe4 {[%emt 0:00:07]} 41. Nxd6 {[%emt 0:00:06]} Qxd6 {[%emt 0:00:24]} 42. Qxd6+ {[%emt 0:00:05]} Bxd6 {[%emt 0:00:02]} 43. Rxd6 {[%emt 0:00:06]} Re1+ {[%emt 0:00:05]} 44. Ka2 {[%emt 0:00:11]} Bd5 {[%emt 0:00:03]} 45. c4 {[%emt 0:01:23]} Rxc4 {[%emt 0:00:49]} 46. Rd8+ {[%emt 0:00:51]} Ka7 {[%emt 0:00:15]} 0-1

[Event "2nd Goa GM Open 2019"]
[Site "Goa"]
[Date "2019.06.25"]
[Round "10.9"]
[White "Neelash Saha"]
[Black "Gukesh D"]
[Result "0-1"]
[WhiteElo "2315"]
[BlackElo "2543"]
[Annotator "ChessBase"]
[PlyCount "74"]
[EventDate "2019.06.17"]
[EventType "swiss"]
[EventCountry "IND"]
[SourceTitle "playchess.com"]
[Source "ChessBase"]
[SourceQuality "1"]
[TimeControl "5400+30"]

1. d4 {[%emt 0:00:00]} Nf6 {[%emt 0:00:00]} 2. c4 {[%emt 0:00:00]} b6 {[%emt 0:00:03]} 3. f3 {[%emt 0:04:35]} Nc6 {[%emt 0:00:05]} 4. Nc3 {[%emt 0:10:52]} e5 {[%emt 0:03:59]} 5. d5 {[%emt 0:00:54]} Ne7 {[%emt 0:04:38]} 6. e4 {[%emt 0:01:51]} Ng6 {[%emt 0:00:13]} 7. Be3 {[%emt 0:00:39]} Bc5 {[%emt 0:04:04]} 8. Qd2 {[%emt 0:04:44]} O-O {[%emt 0:08:13]} 9. g3 {[%emt 0:02:27]} Ne8 {[%emt 0:05:17]} 10. Bd3 {[%emt 0:05:16]} d6 {[%emt 0:05:34]} 11. Nge2 {[%emt 0:06:28]} Bh3 {[%emt 0:02:24]} 12. Ng1 {[%emt 0:06:43]} Bxe3 {[%emt 0:00:08]} 13. Qxe3 {[%emt 0:00:18]} Bg2 {[%emt 0:00:05]} 14. Kf2 {[%emt 0:03:13]} Bxh1 {[%emt 0:01:12]} 15. Nge2 {[%emt 0:00:00]} Bg2 16. Ng1 {[%emt 0:00:34]} Bh1 {[%emt 0:01:00]} 17. Nge2 Bxf3 {[%emt 0:05:31]} 18. Kxf3 {[%emt 0:00:37]} Nf6 {[%emt 0:03:50]} 19. Rf1 {[%emt 0:00:17]} Nd7 {[%emt 0:02:12]} 20. Kg2 {[%emt 0:00:22]} Nc5 {[%emt 0:00:31]} 21. Bc2 {[%emt 0:00:06]} a5 {[%emt 0:00:37]} 22. h4 {[%emt 0:00:46]} Qd7 {[%emt 0:07:02]} 23. h5 {[%emt 0:02:11]} Ne7 {[%emt 0:00:06]} 24. h6 {[%emt 0:00:46]} g6 {[%emt 0:00:36]} 25. Nb5 {[%emt 0:15:19]} f5 {[%emt 0:02:04]} 26. exf5 {[%emt 0:01:26]} Nxf5 {[%emt 0:00:11]} 27. Qg5 {[%emt 0:00:03]} Qd8 {[%emt 0:07:22]} 28. Rxf5 {[%emt 0:00:21]} Rxf5 {[%emt 0:00:10]} 29. Qxd8+ {[%emt 0:00:03]} Rxd8 {[%emt 0:00:04]} 30. Bxf5 {[%emt 0:00:04]} gxf5 {[%emt 0:00:04]} 31. Nxc7 {[%emt 0:00:07]} Kf7 {[%emt 0:00:47]} 32. Nc3 {[%emt 0:00:44]} Ke7 {[%emt 0:00:39]} 33. Nd1 {[%emt 0:01:05]} Kd7 {[%emt 0:00:42]} 34. Nb5 {[%emt 0:00:04]} Rg8 {[%emt 0:01:00]} 35. Ne3 {[%emt 0:00:11]} f4 {[%emt 0:04:21]} 36. Nf5 {[%emt 0:00:04]} e4 {[%emt 0:00:42]} 37. Ng7 {[%emt 0:01:43]} f3+ {[%emt 0:00:12]} 0-1

[Event "2nd Goa GM Open 2019"]
[Site "Goa"]
[Date "2019.06.25"]
[Round "10.10"]
[White "Shyaamnikhil P"]
[Black "Burmakin, Vladimir"]
[Result "0-1"]
[WhiteElo "2434"]
[BlackElo "2526"]
[Annotator "ChessBase"]
[PlyCount "84"]
[EventDate "2019.06.17"]
[EventType "swiss"]
[EventCountry "IND"]
[SourceTitle "playchess.com"]
[Source "ChessBase"]
[SourceQuality "1"]
[TimeControl "5400+30"]

1. e4 {[%emt 0:00:00]} c6 {[%emt 0:00:00]} 2. d4 {[%emt 0:00:00]} d5 {[%emt 0:00:03]} 3. Nd2 {[%emt 0:00:00]} dxe4 {[%emt 0:01:25]} 4. Nxe4 {[%emt 0:00:07]} Bf5 {[%emt 0:00:22]} 5. Ng3 {[%emt 0:00:22]} Bg6 {[%emt 0:00:06]} 6. h4 {[%emt 0:00:09]} h6 {[%emt 0:00:09]} 7. Nf3 {[%emt 0:00:05]} Nd7 {[%emt 0:00:07]} 8. h5 {[%emt 0:00:05]} Bh7 {[%emt 0:00:06]} 9. Bd3 {[%emt 0:00:04]} Bxd3 {[%emt 0:00:08]} 10. Qxd3 {[%emt 0:00:03]} e6 {[%emt 0:00:08]} 11. Bd2 {[%emt 0:00:08]} Qc7 {[%emt 0:00:20]} 12. O-O-O {[%emt 0:00:12]} O-O-O {[%emt 0:00:10]} 13. c4 {[%emt 0:03:40]} Ngf6 {[%emt 0:03:10]} 14. Ne4 {[%emt 0:01:04]} c5 {[%emt 0:02:16]} 15. Nxf6 {[%emt 0:01:41]} Nxf6 {[%emt 0:01:50]} 16. Bc3 {[%emt 0:01:20]} cxd4 {[%emt 0:05:45]} 17. Bxd4 {[%emt 0:06:09]} Bc5 {[%emt 0:03:18]} 18. Qc3 {[%emt 0:07:19]} Bxd4 {[%emt 0:02:15]} 19. Rxd4 {[%emt 0:00:07]} Rxd4 {[%emt 0:01:37]} 20. Nxd4 {[%emt 0:03:04]} Rd8 {[%emt 0:04:18]} 21. Nc2 {[%emt 0:05:19]} Ne4 {[%emt 0:11:40]} 22. Qxg7 {[%emt 0:01:07]} Qf4+ {[%emt 0:01:54]} 23. Kb1 {[%emt 0:00:07]} Nxf2 {[%emt 0:02:57]} 24. Re1 {[%emt 0:01:43]} Ne4 {[%emt 0:11:10]} 25. Na3 {[%emt 0:02:10]} a6 {[%emt 0:04:28]} 26. Ka1 {[%emt 0:01:14]} Qg3 {[%emt 0:03:22]} 27. Qxg3 {[%emt 0:01:23]} Nxg3 {[%emt 0:00:02]} 28. c5 {[%emt 0:00:17]} Rd5 {[%emt 0:04:15]} 29. Nc4 {[%emt 0:00:37]} Rxc5 {[%emt 0:01:02]} 30. Nd6+ {[%emt 0:00:12]} Kd7 {[%emt 0:00:22]} 31. Nxf7 {[%emt 0:00:06]} Rxh5 {[%emt 0:00:25]} 32. Rd1+ {[%emt 0:00:07]} Ke7 {[%emt 0:01:02]} 33. Nd6 {[%emt 0:00:05]} b5 {[%emt 0:05:15]} 34. a4 {[%emt 0:00:28]} bxa4 {[%emt 0:08:09]} 35. Ka2 {[%emt 0:00:18]} Rd5 {[%emt 0:03:53]} 36. Nc8+ {[%emt 0:00:10]} Kf6 {[%emt 0:00:30]} 37. Rc1 {[%emt 0:00:53]} Rd2 {[%emt 0:01:39]} 38. Rc4 {[%emt 0:00:05]} Rxg2 {[%emt 0:00:31]} 39. Rxa4 {[%emt 0:00:04]} h5 {[%emt 0:00:08]} 40. Nd6 {[%emt 0:00:09]} Rd2 {[%emt 0:02:39]} 41. Rxa6 {[%emt 0:00:25]} h4 {[%emt 0:01:16]} 42. Ne8+ {[%emt 0:00:54]} Ke7 {[%emt 0:04:21]} 0-1

[Event "2nd Goa GM Open 2019"]
[Site "Goa"]
[Date "2019.06.25"]
[Round "10.11"]
[White "Gagare, Shardul"]
[Black "Anuj Shrivatri"]
[Result "1/2-1/2"]
[WhiteElo "2482"]
[BlackElo "2336"]
[Annotator "ChessBase"]
[PlyCount "47"]
[EventDate "2019.06.17"]
[EventType "swiss"]
[EventCountry "IND"]
[SourceTitle "playchess.com"]
[Source "ChessBase"]
[SourceQuality "1"]
[TimeControl "5400+30"]

1. e4 {[%emt 0:00:10]} e5 {[%emt 0:00:00]} 2. Bc4 {[%emt 0:00:36]} Nf6 {[%emt 0:00:18]} 3. d3 {[%emt 0:00:07]} Nc6 {[%emt 0:00:48]} 4. Nf3 {[%emt 0:00:31]} Bc5 {[%emt 0:02:19]} 5. c3 {[%emt 0:00:22]} O-O {[%emt 0:00:07]} 6. Nbd2 {[%emt 0:00:08]} d6 {[%emt 0:01:53]} 7. h3 {[%emt 0:00:25]} a6 {[%emt 0:01:09]} 8. Bb3 {[%emt 0:00:17]} Ba7 {[%emt 0:01:44]} 9. Nf1 {[%emt 0:00:42]} Ne7 {[%emt 0:03:17]} 10. g4 {[%emt 0:18:39]} Ng6 {[%emt 0:04:50]} 11. Ng3 {[%emt 0:02:01]} Be6 {[%emt 0:01:56]} 12. Bc2 {[%emt 0:13:38]} d5 {[%emt 0:02:41]} 13. Qe2 {[%emt 0:00:27]} dxe4 {[%emt 0:08:19]} 14. dxe4 {[%emt 0:02:04]} b5 {[%emt 0:07:09]} 15. b3 {[%emt 0:01:52]} Qd6 {[%emt 0:07:35]} 16. O-O {[%emt 0:20:40]} Rfe8 {[%emt 0:09:39]} 17. Nf5 {[%emt 0:17:12]} Qc5 {[%emt 0:08:45]} 18. Qe1 {[%emt 0:06:36]} Kh8 {[%emt 0:07:30]} 19. Kh2 {[%emt 0:00:05]} Kg8 {[%emt 0:00:07]} 20. Kg1 {[%emt 0:00:02]} Kh8 {[%emt 0:00:06]} 21. Kh2 {[%emt 0:00:01]} Kg8 {[%emt 0:00:06]} 22. Kg1 {[%emt 0:00:03]} Kh8 {[%emt 0:00:04]} 23. Kh2 {[%emt 0:00:04]} Kg8 {[%emt 0:00:37]} 24. Kg1 {[%emt 0:00:30]} 1/2-1/2

[Event "2nd Goa GM Open 2019"]
[Site "Goa"]
[Date "2019.06.25"]
[Round "10.12"]
[White "Matta, Vinay Kumar"]
[Black "Mchedlishvili, Mikheil"]
[Result "0-1"]
[WhiteElo "2181"]
[BlackElo "2609"]
[Annotator "TA"]
[PlyCount "86"]
[EventDate "2019.06.17"]
[EventType "swiss"]
[EventCountry "IND"]
[SourceTitle "playchess.com"]
[Source "ChessBase"]
[SourceQuality "1"]

{[%evp 16,86,-34,-32,-34,-24,-19,-31,-19,-26,-13,-75,-37,-72,-73,-114,-124,-112,-107,-145,-54,-454,0,-141,-143,-179,-180,-177,-174,-175,-178,-173,-176,-175,-176,-168,-179,-187,-165,-166,-166,-309,-302,-350,-372,-414,-412,-407,-386,-516,-514,-560,-558,-662,-658,-878,-878,-1937,-1856,-29972,-1981,-29976,-29977,-29977,-29977,-29979,-29980,-29979,-29980,-29970,-11219,-29974,-29970]} 1. e4 e6 2. Nc3 d5 3. Nf3 Nf6 4. e5 Nfd7 5. d4 c5 6. dxc5 Be7 7. Bd3 Nc6 8. Qe2 Nxc5 9. O-O Bd7 {B40: Sicilian: 2...e6, Unusual lines} (9... O-O 10. Re1 Nxd3 11. Qxd3 a6 12. Ne2 Qc7 13. Ned4 h6 14. Bf4 Bd7 15. c3 Rac8 16. Nxc6 bxc6 17. Qxa6 {½-½ (35) Gelazonia,P (2350)-Aliyev,R (2183) Poti 2016}) 10. a3 a6 11. Re1 $146 ({Predecessor:} 11. Bf4 Rc8 12. Rfe1 h6 13. b4 Nxd3 14. Qxd3 {0-1 (32) Young,M (1917)-Minz,M (2108) Bad Woerishofen 2014}) 11... Rc8 {Black is slightly better.} 12. Bd2 O-O 13. b4 (13. Qe3 $11 {remains equal.}) 13... Nxd3 $17 14. cxd3 f6 15. d4 fxe5 16. Nxe5 Nxd4 17. Qd3 Nc6 (17... Bh4 18. g3 $11) (17... Nb3 $17 18. Nxd5 Nxa1 19. Nxd7 Rf7) 18. Qe2 $2 {[%mdl 8192] [#]} ({White should play} 18. Nxd5 $1 $15 Nxe5 19. Nxe7+ Qxe7 20. Rxe5) 18... Nd4 $2 (18... Nxe5 $19 {and Black stays clearly on top.} 19. Qxe5 Bf6) 19. Qd3 $1 {[%cal Rd3d4]} Nb3 ({Much worse is} 19... Bh4 $6 20. g3 $11) 20. Nxd5 Nxa1 21. Nxd7 Rf7 22. Ne5 Qxd5 23. Qxd5 exd5 24. Nxf7 Kxf7 25. Rxa1 $19 {[%mdl 4096] Endgame KRB-KRB} Rc2 26. Be3 {[#]} Bf6 $1 {[%cal Rf6a1]} 27. Rc1 Ra2 28. g3 (28. Bc5 {was necessary.}) 28... d4 ({Not} 28... Rxa3 29. Rc7+ Ke6 30. Rxb7 $17) 29. Rc7+ Ke6 30. Bf4 g5 31. Bc1 d3 32. Kg2 g4 33. Rc4 Rc2 34. Rxc2 dxc2 {KB-KB} 35. f3 Kf5 36. h4 h5 37. Kf2 b5 (37... Bd4+ $142 38. Ke2 gxf3+ 39. Kxf3 Be5 40. Kf2 Ke4 41. Ke2 Bxg3 42. Kd2 Bxh4 43. Kxc2 Bf6 44. Kd1 h4 45. Bh6 h3 46. Kc2 h2 47. Bc1 h1=Q 48. Bg5 Bxg5 49. b5 axb5 50. Kb2 Qc1+ 51. Kb3 Bf6 52. Kb4 Qc4+ 53. Ka5 Bd8#) 38. Ke3 gxf3 39. Kxf3 Be5 40. Ke3 Bxg3 41. Kd3 Bxh4 42. Kxc2 Ke4 (42... Bg5 $142 43. Bb2 h4 44. Bd4 h3 45. Bg1 Ke4 46. Kc3 Be3 47. Bh2 Kf3 48. Kc2 Bf4 49. Bg1 Kg2 50. Bd4 h2 51. Kb3 h1=Q 52. Ka2 Kf3 53. Bb2 Ke4 54. Bf6 Kd3 55. Bd4 Kc2 56. Bg1 Qd5+ 57. Ka1 Be5+ 58. Bd4 Bxd4#) 43. Bd2 Bg3 {Accuracy: White = 26%, Black = 54%.} 0-1